[Event "Vienna Chess Open 2019"]
[Site "Vienna"]
[Date "2019.08.24"]
[Round "9.7"]
[White "Hecht, Carsten"]
[Black "Mons, Leon"]
[Result "0-1"]
[WhiteElo "2300"]
[BlackElo "2559"]
[Annotator "ChessBase"]
[PlyCount "94"]
[EventDate "2019.08.17"]
[EventType "swiss"]
[EventCountry "AUT"]
[SourceTitle "playchess.com"]
[Source "ChessBase"]
[SourceQuality "1"]
[TimeControl "40/5400+30:1800+30"]

1. e4 {[%emt 0:00:00]} g6 {[%emt 0:00:00]} 2. d4 {[%emt 0:00:00]} Bg7 {[%emt 0:00:00]} 3. Nc3 {[%emt 0:00:00]} a6 {[%emt 0:00:25]} 4. Be3 {[%emt 0:01:07]} d6 {[%emt 0:01:18]} 5. Qd2 {[%emt 0:00:42]} b5 {[%emt 0:00:49]} 6. h4 {[%emt 0:01:14]} h5 {[%emt 0:02:33]} 7. f3 {[%emt 0:00:49]} c6 {[%emt 0:03:47]} 8. Nh3 {[%emt 0:10:48]} Bxh3 {[%emt 0:00:17]} 9. Rxh3 {[%emt 0:00:07]} Nd7 {[%emt 0:06:51]} 10. O-O-O {[%emt 0:02:40]} Ngf6 {[%emt 0:06:28]} 11. Kb1 {[%emt 0:17:12]} Qc7 {[%emt 0:06:36]} 12. Ne2 {[%emt 0:08:50]} Nb6 {[%emt 0:04:04]} 13. Ng3 {[%emt 0:06:53]} c5 {[%emt 0:09:16]} 14. c3 {[%emt 0:04:08]} e5 {[%emt 0:10:16]} 15. Be2 {[%emt 0:08:28]} Rc8 {[%emt 0:03:36]} 16. Rhh1 {[%emt 0:13:00]} exd4 {[%emt 0:15:27]} 17. cxd4 {[%emt 0:00:07]} O-O {[%emt 0:01:48]} 18. Bh6 {[%emt 0:06:03]} Bh8 {[%emt 0:07:40]} 19. Bxf8 {[%emt 0:00:28]} Rxf8 {[%emt 0:00:25]} 20. dxc5 {[%emt 0:03:33]} dxc5 {[%emt 0:00:06]} 21. Qd6 {[%emt 0:00:06]} Qb7 {[%emt 0:02:29]} 22. Qxc5 {[%emt 0:01:30]} Na4 {[%emt 0:02:21]} 23. Qd4 {[%emt 0:03:28]} Nxb2 {[%emt 0:01:02]} 24. Qxb2 {[%emt 0:04:57]} Nxe4 {[%emt 0:00:15]} 25. Qxh8+ {[%emt 0:00:46]} Kxh8 {[%emt 0:00:04]} 26. Nxe4 {[%emt 0:00:08]} Qe7 {[%emt 0:01:15]} 27. Rd2 {[%emt 0:02:37]} Rd8 {[%emt 0:01:59]} 28. Rxd8+ {[%emt 0:02:12]} Qxd8 {[%emt 0:00:02]} 29. g3 {[%emt 0:01:06]} Qe7 {[%emt 0:01:21]} 30. Bd3 {[%emt 0:01:11]} Qb4+ {[%emt 0:00:29]} 31. Kc2 {[%emt 0:00:15]} Qa3 {[%emt 0:00:56]} 32. Ra1 {[%emt 0:00:32]} b4 {[%emt 0:01:23]} 33. Rb1 {[%emt 0:00:56]} f5 {[%emt 0:00:36]} 34. Nf2 {[%emt 0:00:30]} b3+ {[%emt 0:00:32]} 35. Rxb3 {[%emt 0:00:21]} Qc5+ {[%emt 0:00:03]} 36. Kb1 {[%emt 0:00:31]} Qxf2 {[%emt 0:00:07]} 37. Bxa6 {[%emt 0:00:26]} Qxg3 {[%emt 0:00:38]} 38. a4 {[%emt 0:00:23]} Qxh4 {[%emt 0:00:12]} 39. Bb5 {[%emt 0:00:09]} Qe1+ {[%emt 0:00:17]} 40. Ka2 {[%emt 0:00:07]} h4 {[%emt 0:00:20]} 41. f4 {[%emt 0:30:29]} Kg7 {[%emt 0:31:46]} 42. Ra3 {[%emt 0:01:28]} Qd2+ {[%emt 0:00:14]} 43. Kb3 {[%emt 0:00:05]} h3 {[%emt 0:00:43]} 44. a5 {[%emt 0:00:29]} h2 {[%emt 0:00:27]} 45. Bc6 {[%emt 0:00:13]} Qd6 {[%emt 0:01:22]} 46. Bg2 {[%emt 0:00:57]} Qd3+ {[%emt 0:00:17]} 47. Ka4 {[%emt 0:00:16]} Qc4# 0-1

[Event "Vienna Chess Open 2019"]
[Site "Vienna"]
[Date "2019.08.24"]
[Round "9.8"]
[White "Kindermann, Stefan"]
[Black "Mooser, Stefan"]
[Result "1/2-1/2"]
[WhiteElo "2494"]
[BlackElo "2296"]
[Annotator "TA"]
[PlyCount "47"]
[EventDate "2019.08.17"]
[EventType "swiss"]
[EventCountry "AUT"]
[SourceTitle "playchess.com"]
[Source "ChessBase"]
[SourceQuality "1"]

{[%evp 17,47,0,0,0,2,-3,20,6,20,11,7,0,0,0,14,13,20,15,18,12,29,2,3,0,8,5,11,0,0,0,0,0]} 1. e4 c5 2. d3 Nc6 3. g3 d5 4. Nd2 Nf6 5. Bg2 e6 6. Ngf3 Be7 7. O-O O-O 8. Re1 b5 9. exd5 exd5 10. a4 {C00: French: Unusual White 2nd moves} b4 11. d4 (11. Nb3 Bg4 12. h3 Bh5 13. g4 Bg6 14. Bf4 Rc8 15. Ne5 Nxe5 16. Bxe5 Bd6 17. Qd2 Bxe5 18. Rxe5 {1-0 (34) Karjakin,S (2783)-Meier,G (2630) chess.com INT 2017}) 11... Bf5 12. dxc5 Bxc5 13. Nb3 Bb6 14. Nfd4 Nxd4 15. Nxd4 Be4 16. a5 Bc5 17. Be3 {[#]} Bxg2 $146 ({Predecessor:} 17... Rc8) 18. Kxg2 Rc8 19. Nb3 Bxe3 {The position is equal.} 20. Rxe3 Rc4 21. Qd3 Re8 22. Rae1 Rxe3 23. Rxe3 g6 24. Re2 {Accuracy: White = 45%, Black = 61%.} 1/2-1/2

[Event "Vienna Chess Open 2019"]
[Site "Vienna"]
[Date "2019.08.24"]
[Round "9.8"]
[White "Diermair, Andreas"]
[Black "Akesson, Ralf"]
[Result "1-0"]
[WhiteElo "2473"]
[BlackElo "2348"]
[Annotator "ChessBase"]
[PlyCount "75"]
[EventDate "2019.08.17"]
[EventType "swiss"]
[EventCountry "AUT"]
[SourceTitle "playchess.com"]
[Source "ChessBase"]
[SourceQuality "1"]
[TimeControl "40/5400+30:1800+30"]

1. d4 {[%emt 0:03:03]} e6 {[%emt 0:02:34]} 2. c4 {[%emt 0:00:41]} Nf6 {[%emt 0:00:44]} 3. Nc3 {[%emt 0:00:10]} Bb4 {[%emt 0:00:15]} 4. f3 {[%emt 0:00:10]} d5 {[%emt 0:01:37]} 5. a3 {[%emt 0:01:05]} Bxc3+ {[%emt 0:00:58]} 6. bxc3 {[%emt 0:00:02]} c5 {[%emt 0:02:45]} 7. cxd5 {[%emt 0:00:09]} Nxd5 {[%emt 0:00:56]} 8. dxc5 {[%emt 0:00:13]} Qa5 {[%emt 0:02:58]} 9. e4 {[%emt 0:00:10]} Nf6 {[%emt 0:00:17]} 10. Be3 {[%emt 0:00:57]} O-O {[%emt 0:01:10]} 11. Qb3 {[%emt 0:01:49]} Nfd7 {[%emt 0:03:01]} 12. a4 {[%emt 0:09:33]} Na6 {[%emt 0:16:53]} 13. Bxa6 {[%emt 0:09:16]} bxa6 {[%emt 0:03:53]} 14. Qb4 {[%emt 0:03:34]} Qc7 {[%emt 0:02:44]} 15. Nh3 {[%emt 0:19:01]} e5 {[%emt 0:11:18]} 16. O-O {[%emt 0:03:15]} a5 {[%emt 0:01:00]} 17. Qc4 {[%emt 0:06:01]} Nf6 {[%emt 0:06:18]} 18. Nf2 {[%emt 0:01:03]} Be6 {[%emt 0:00:13]} 19. Qa6 {[%emt 0:01:16]} Rfc8 {[%emt 0:06:40]} 20. Rfd1 {[%emt 0:04:04]} Nd7 {[%emt 0:03:11]} 21. Nd3 {[%emt 0:02:11]} Rab8 {[%emt 0:03:02]} 22. Rdb1 {[%emt 0:11:11]} h6 {[%emt 0:06:49]} 23. h3 {[%emt 0:03:25]} Rb3 {[%emt 0:03:58]} 24. Rxb3 {[%emt 0:06:23]} Bxb3 {[%emt 0:00:04]} 25. Rb1 {[%emt 0:01:36]} Bxa4 {[%emt 0:05:10]} 26. Rb7 {[%emt 0:00:53]} Qc6 {[%emt 0:00:11]} 27. Qxa7 {[%emt 0:01:35]} Kf8 {[%emt 0:05:52]} 28. Bf2 {[%emt 0:01:59]} f6 {[%emt 0:00:38]} 29. Kh2 {[%emt 0:00:45]} Ke8 {[%emt 0:00:32]} 30. Nb2 {[%emt 0:01:23]} Bb5 {[%emt 0:00:30]} 31. c4 {[%emt 0:02:09]} Ba4 {[%emt 0:01:54]} 32. Be1 {[%emt 0:02:57]} Bc2 {[%emt 0:00:59]} 33. Bxa5 {[%emt 0:00:26]} f5 {[%emt 0:01:20]} 34. exf5 {[%emt 0:01:32]} e4 {[%emt 0:00:48]} 35. f4 {[%emt 0:01:15]} e3 {[%emt 0:00:28]} 36. Rb6 {[%emt 0:01:43]} Nxb6 {[%emt 0:01:29]} 37. cxb6 {[%emt 0:00:07]} Be4 {[%emt 0:04:42]} 38. Qxg7 {[%emt 0:00:22]} 1-0

[Event "Vienna Chess Open 2019"]
[Site "Vienna"]
[Date "2019.08.24"]
[Round "9.8"]
[White "Gilevych, Artem"]
[Black "Groetz, Harald"]
[Result "1-0"]
[WhiteElo "2424"]
[BlackElo "2322"]
[Annotator "ChessBase"]
[PlyCount "69"]
[EventDate "2019.08.17"]
[EventType "swiss"]
[EventCountry "AUT"]
[SourceTitle "playchess.com"]
[Source "ChessBase"]
[SourceQuality "1"]
[TimeControl "40/5400+30:1800+30"]

1. Nf3 {[%emt 0:00:00]} d5 {[%emt 0:00:00]} 2. c4 {[%emt 0:03:44]} c6 {[%emt 0:00:08]} 3. d4 {[%emt 0:05:44]} Nf6 {[%emt 0:00:16]} 4. Qb3 {[%emt 0:02:11]} dxc4 {[%emt 0:07:09]} 5. Qxc4 {[%emt 0:01:35]} g6 {[%emt 0:00:20]} 6. Nc3 {[%emt 0:00:10]} b5 {[%emt 0:13:00]} 7. Qd3 {[%emt 0:06:11]} Bg7 {[%emt 0:07:43]} 8. e4 {[%emt 0:04:55]} b4 {[%emt 0:01:56]} 9. Na4 {[%emt 0:00:07]} Ba6 {[%emt 0:00:28]} 10. Qc2 {[%emt 0:00:25]} Bxf1 {[%emt 0:00:43]} 11. Kxf1 {[%emt 0:00:05]} O-O {[%emt 0:04:25]} 12. Bd2 {[%emt 0:02:01]} Qa5 {[%emt 0:05:16]} 13. Re1 {[%emt 0:06:18]} Qb5+ {[%emt 0:01:21]} 14. Kg1 {[%emt 0:00:13]} e6 {[%emt 0:00:12]} 15. e5 {[%emt 0:01:03]} Nd5 {[%emt 0:06:53]} 16. h4 {[%emt 0:02:03]} h5 {[%emt 0:03:52]} 17. Nc5 {[%emt 0:06:51]} Ne7 {[%emt 0:04:58]} 18. Qe4 {[%emt 0:12:34]} Na6 {[%emt 0:07:55]} 19. Nxa6 {[%emt 0:01:30]} Qxa6 {[%emt 0:00:02]} 20. Bxb4 {[%emt 0:00:07]} Rfe8 {[%emt 0:00:16]} 21. Ba3 {[%emt 0:05:43]} Nd5 {[%emt 0:08:27]} 22. Rh3 {[%emt 0:01:15]} Bf8 {[%emt 0:07:47]} 23. Ng5 {[%emt 0:01:16]} Bxa3 {[%emt 0:03:22]} 24. Rxa3 {[%emt 0:00:33]} Qc4 {[%emt 0:04:48]} 25. Rf3 {[%emt 0:03:31]} Re7 {[%emt 0:00:02]} 26. b3 {[%emt 0:00:41]} Qb4 {[%emt 0:01:37]} 27. Rc1 {[%emt 0:00:09]} Qb7 {[%emt 0:05:35]} 28. g4 {[%emt 0:04:30]} hxg4 {[%emt 0:00:21]} 29. Qxg4 {[%emt 0:00:06]} Kg7 {[%emt 0:01:43]} 30. h5 {[%emt 0:00:22]} Qd7 {[%emt 0:00:59]} 31. Kg2 {[%emt 0:03:37]} Rg8 {[%emt 0:01:55]} 32. hxg6 {[%emt 0:00:34]} fxg6 {[%emt 0:00:15]} 33. Rh1 {[%emt 0:00:10]} Rh8 {[%emt 0:00:37]} 34. Rxh8 {[%emt 0:00:33]} Kxh8 {[%emt 0:00:02]} 35. Qh4+ {[%emt 0:00:23]} 1-0

[Event "Vienna Chess Open 2019"]
[Site "Vienna"]
[Date "2019.08.24"]
[Round "9.9"]
[White "Ravi, Teja S."]
[Black "Paszewski, Mateusz"]
[Result "1/2-1/2"]
[WhiteElo "2420"]
[BlackElo "2329"]
[Annotator "TA"]
[PlyCount "49"]
[EventDate "2019.08.17"]
[EventType "swiss"]
[EventCountry "AUT"]
[SourceTitle "playchess.com"]
[Source "ChessBase"]
[SourceQuality "1"]

{[%evp 16,49,8,-14,-10,0,0,0,0,0,0,3,20,6,8,3,3,0,0,0,0,0,6,5,8,0,0,0,0,0,0,0,4,4,4,6]} 1. d4 Nf6 2. Nf3 d5 3. c4 e6 4. e3 b6 ({Predecessor:} 4... a6 5. Nc3 dxc4 6. Bxc4 b5 7. Be2 Bb7 {½-½ (31) Marjanovic,D (2393)-Trkulja,G (2292) Sarajevo 2017}) 5. Nc3 Bb7 6. Bd3 dxc4 7. Bxc4 a6 8. O-O b5 9. Be2 {The position is equal.} Nbd7 {D26: Queen's Gambit Accepted: 4 e3 e6 5 Bxc5 c5 sidelines} 10. b3 c5 11. Bb2 Be7 12. dxc5 $146 (12. Rc1 O-O 13. Qc2 Rc8 14. Qb1 Qb6 15. Rfd1 Rfd8 16. h3 h6 17. dxc5 Nxc5 18. Rxd8+ Rxd8 {0-1 (59) Mamedyarov,S (2817)-Carlsen,M (2835) St Petersburg 2018}) 12... Nxc5 13. b4 Nce4 (13... Ncd7 {feels hotter.} 14. a4 bxa4 15. Qxa4 O-O 16. Rfd1 Qc8) 14. Nxe4 Bxe4 15. Qxd8+ Rxd8 16. a4 O-O 17. axb5 axb5 18. Bxb5 Rb8 19. Ba6 Bxb4 20. Be5 Ra8 21. Rfc1 h6 22. h3 Rfd8 23. Bd4 Be7 24. Ne5 Nd7 25. Nxd7 {Accuracy: White = 81%, Black = 89%.} 1/2-1/2

[Event "Vienna Chess Open 2019"]
[Site "Vienna"]
[Date "2019.08.24"]
[Round "9.9"]
[White "Valmana Canto, Jaime"]
[Black "Blohberger, Felix"]
[Result "1/2-1/2"]
[WhiteElo "2406"]
[BlackElo "2467"]
[Annotator "TA"]
[PlyCount "105"]
[EventDate "2019.08.17"]
[EventType "swiss"]
[EventCountry "AUT"]
[SourceTitle "playchess.com"]
[Source "ChessBase"]
[SourceQuality "1"]

{[%evp 25,105,-13,-11,-13,0,-11,-4,-13,-1,-14,0,-17,0,0,0,0,0,0,0,0,0,-9,-10,-16,0,-23,-15,0,0,0,0,0,8,-8,-18,-16,18,0,22,22,22,22,93,22,22,22,148,108,127,86,57,61,60,55,55,55,55,55,55,31,11,11,53,0,0,0,0,0,0,0,0,0,0,0,0,0,0,0,0,0,0,0]} 1. c4 e6 2. Nf3 d5 3. d4 Nf6 4. Nc3 Bb4 5. cxd5 exd5 6. Bg5 h6 7. Qa4+ Nc6 8. Bxf6 Qxf6 9. e3 O-O 10. Be2 Be6 11. O-O a6 12. Rfc1 Bd6 13. Qd1 Ne7 14. Na4 {D38: Queen's Gambit Declined: Ragozin Defence (4 Nf3 Bb4)} Bg4 (14... b6 15. b4 a5 16. b5 g5 17. Nb2 Ng6 18. Nd3 Rae8 19. Nfe1 h5 20. Bxh5 Kg7 21. h3 Rh8 {0-1 (66) Yu,Y (2761)-Ganguly,S (2633) Astana 2019}) 15. Ne1 $146 (15. b4 $5) ({Predecessor:} 15. Nc5 Bxc5 16. Rxc5 c6 17. Ne5 Bxe2 18. Qxe2 Qe6 19. Rcc1 Nc8 20. b4 Nd6 21. a4 Rac8 {½-½ (30) Kharitonov,A-Korzubov,P (2470) Vilnius 1984}) 15... Bxe2 16. Qxe2 c6 17. Nd3 Nf5 18. b4 Qh4 (18... Rfe8 {is interesting.} 19. Qf3 Qg5 20. Nac5 Re7 21. Kh1 h5) 19. g3 Qe7 20. Qf3 g6 21. Nac5 Rfc8 22. Rab1 h5 23. Nb3 Kg7 24. a4 Rc7 ({Of course not} 24... Bxb4 25. Nxb4 Qxb4 26. Nc5 $16) 25. b5 axb5 26. axb5 Ra3 27. Nf4 Bxf4 28. Qxf4 Nd6 29. b6 Rc8 30. Nc5 f6 31. h4 Rd8 32. Ra1 $36 {[%mdl 2048] White has good play.} Rxa1 33. Rxa1 Nb5 {[#]} (33... Kh7 $11 {keeps the balance.}) 34. g4 (34. Ra7 $1 $16 {[%cal Ra7b7]} Nxa7 35. bxa7) 34... hxg4 $11 35. Qxg4 {Threatens to win with h5.} f5 (35... Kh6 $11 {remains equal.}) 36. Qg5 Re8 37. Qxe7+ Rxe7 $16 {[%mdl 4096] Endgame KRN-KRN} 38. Ra8 Nd6 $1 39. Rb8 Kf7 40. Kg2 Re8 $1 {[%cal Re8b8]} 41. Rxe8 Kxe8 $14 {KN-KN} 42. Kf3 Ke7 43. Kf4 Kf7 44. Kg5 (44. Nd7 $14) 44... Ne4+ $11 {The position is equal.} 45. Kh6 Nxc5 46. dxc5 {KP-KP} f4 {[#] And now ...Kf6 would win.} 47. Kg5 fxe3 $1 48. fxe3 Kg7 49. Kg4 Kf6 50. Kf4 Ke6 51. Kg5 Kf7 52. Kg4 Kf6 53. Kf4 {Accuracy: White = 50%, Black = 55%.} 1/2-1/2

[Event "Vienna Chess Open 2019"]
[Site "Vienna"]
[Date "2019.08.24"]
[Round "9.9"]
[White "Ilic, Zoran S"]
[Black "Schreiner, Peter"]
[Result "1/2-1/2"]
[WhiteElo "2295"]
[BlackElo "2481"]
[Annotator "TA"]
[PlyCount "34"]
[EventDate "2019.08.17"]
[EventType "swiss"]
[EventCountry "AUT"]
[SourceTitle "playchess.com"]
[Source "ChessBase"]
[SourceQuality "1"]

{[%evp 14,16,24,24,32]} 1. d4 Nf6 2. Nf3 g6 3. c4 Bg7 4. g3 c6 5. Bg2 d5 6. Qb3 dxc4 7. Qxc4 O-O 8. O-O Bf5 {D78: Fianchetto Grünfeld: 6 0-0 c6} {Predecessor:} 9. Nc3 $146 Nbd7 10. Qb3 Qb6 11. Re1 a5 12. e4 Qxb3 13. axb3 Be6 14. Bf4 h6 15. h3 g5 16. Bc7 Rfc8 17. Bxa5 b6 {½-½ (46) Svidler,P (2756)-Shankland,S (2722) Hoogeveen 2018} 1/2-1/2

[Event "Vienna Chess Open 2019"]
[Site "Vienna"]
[Date "2019.08.24"]
[Round "9.10"]
[White "Gavrilescu, David"]
[Black "Randazzo, Adrian"]
[Result "1-0"]
[WhiteElo "2464"]
[BlackElo "2254"]
[Annotator "ChessBase"]
[PlyCount "111"]
[EventDate "2019.08.17"]
[EventType "swiss"]
[EventCountry "AUT"]
[SourceTitle "playchess.com"]
[Source "ChessBase"]
[SourceQuality "1"]
[TimeControl "40/5400+30:1800+30"]

1. e4 {[%emt 0:00:00]} e6 {[%emt 0:00:00]} 2. d4 {[%emt 0:00:10]} d5 {[%emt 0:00:00]} 3. Nd2 {[%emt 0:00:35]} c5 {[%emt 0:00:00]} 4. exd5 {[%emt 0:01:20]} Qxd5 {[%emt 0:00:18]} 5. dxc5 {[%emt 0:00:09]} Nf6 {[%emt 0:00:14]} 6. Ngf3 {[%emt 0:00:56]} Qxc5 {[%emt 0:00:18]} 7. Bd3 {[%emt 0:00:04]} Be7 {[%emt 0:00:32]} 8. O-O {[%emt 0:00:16]} O-O {[%emt 0:00:07]} 9. Qe2 {[%emt 0:05:08]} Nbd7 {[%emt 0:01:05]} 10. a4 {[%emt 0:01:54]} Qc7 {[%emt 0:00:18]} 11. Ne4 {[%emt 0:00:44]} b6 {[%emt 0:03:46]} 12. a5 {[%emt 0:02:55]} Bb7 {[%emt 0:01:23]} 13. Nxf6+ {[%emt 0:02:25]} Bxf6 {[%emt 0:01:26]} 14. Ng5 {[%emt 0:08:11]} g6 {[%emt 0:14:42]} 15. Qg4 {[%emt 0:09:25]} Bg7 {[%emt 0:03:09]} 16. Qh4 {[%emt 0:05:34]} Nf6 {[%emt 0:02:28]} 17. Ra4 {[%emt 0:04:38]} Rfe8 {[%emt 0:14:12]} 18. Bd2 {[%emt 0:14:14]} h6 {[%emt 0:03:56]} 19. Nh3 {[%emt 0:03:41]} Qc6 {[%emt 0:01:30]} 20. f3 {[%emt 0:00:37]} b5 {[%emt 0:00:26]} 21. Raa1 {[%emt 0:12:06]} g5 {[%emt 0:08:17]} 22. Qe1 {[%emt 0:02:48]} Nd5 {[%emt 0:04:49]} 23. Kh1 {[%emt 0:02:58]} f5 {[%emt 0:01:41]} 24. c3 {[%emt 0:02:15]} Rad8 {[%emt 0:01:05]} 25. Qe2 {[%emt 0:02:47]} a6 {[%emt 0:01:29]} 26. Rad1 {[%emt 0:01:08]} Qc7 {[%emt 0:03:11]} 27. c4 {[%emt 0:00:46]} bxc4 {[%emt 0:00:06]} 28. Bxc4 {[%emt 0:00:00]} Bxb2 {[%emt 0:06:39]} 29. Bxg5 {[%emt 0:04:14]} hxg5 {[%emt 0:02:24]} 30. Qxb2 {[%emt 0:00:12]} Qxc4 {[%emt 0:05:23]} 31. Qxb7 {[%emt 0:00:02]} Re7 {[%emt 0:01:53]} 32. Qb2 {[%emt 0:01:00]} Rg7 {[%emt 0:00:44]} 33. Rfe1 {[%emt 0:04:48]} Re8 {[%emt 0:03:13]} 34. Rd4 {[%emt 0:01:29]} Qc5 {[%emt 0:02:16]} 35. Qd2 {[%emt 0:00:21]} Kf8 {[%emt 0:06:03]} 36. Rd3 {[%emt 0:04:40]} Qb5 {[%emt 0:03:43]} 37. Rd4 {[%emt 0:02:17]} Qc5 {[%emt 0:00:24]} 38. Rc1 {[%emt 0:00:38]} Qe7 {[%emt 0:00:41]} 39. Qe2 {[%emt 0:00:58]} Qa3 {[%emt 0:00:35]} 40. Qd2 {[%emt 0:00:47]} Qe7 {[%emt 0:02:20]} 41. Rdc4 {[%emt 0:05:42]} Rd8 {[%emt 0:06:05]} 42. Rc6 {[%emt 0:04:15]} Nb4 {[%emt 0:10:04]} 43. Rc8 {[%emt 0:01:02]} Rxc8 {[%emt 0:00:09]} 44. Rxc8+ {[%emt 0:00:02]} Kf7 {[%emt 0:00:06]} 45. f4 {[%emt 0:05:21]} gxf4 {[%emt 0:02:25]} 46. Nxf4 {[%emt 0:01:25]} Rg8 {[%emt 0:04:25]} 47. Rc4 {[%emt 0:07:11]} Rd8 {[%emt 0:02:41]} 48. Qe2 {[%emt 0:00:10]} Qd6 {[%emt 0:02:44]} 49. Qh5+ {[%emt 0:01:40]} Kf8 {[%emt 0:01:31]} 50. Qh6+ {[%emt 0:01:54]} Kf7 {[%emt 0:00:40]} 51. Qh7+ {[%emt 0:00:43]} Ke8 {[%emt 0:03:53]} 52. Qg8+ {[%emt 0:01:41]} Ke7 {[%emt 0:00:34]} 53. Qg7+ {[%emt 0:00:58]} Ke8 {[%emt 0:00:02]} 54. h4 {[%emt 0:02:33]} Nd5 {[%emt 0:02:37]} 55. Ng6 {[%emt 0:00:12]} Ne7 {[%emt 0:01:30]} 56. Qh8+ {[%emt 0:00:17]} 1-0

[Event "Vienna Chess Open 2019"]
[Site "Vienna"]
[Date "2019.08.24"]
[Round "9.10"]
[White "Gschnitzer, Adrian"]
[Black "Moucheroud, Jeremy"]
[Result "1-0"]
[WhiteElo "2410"]
[BlackElo "2302"]
[Annotator "TA"]
[PlyCount "87"]
[EventDate "2019.08.17"]
[EventType "swiss"]
[EventCountry "AUT"]
[SourceTitle "playchess.com"]
[Source "ChessBase"]
[SourceQuality "1"]

{[%evp 21,117,18,33,18,20,17,14,0,0,0,0,-12,0,-44,-31,-31,0,-14,-6,-6,0,0,0,0,21,21,21,21,22,21,26,25,22,22,31,31,34,29,38,54,73,26,26,25,24,12,78,91,91,73,81,91,277,268,237,229,540,520,520,502,471,449,762,732,710,665,2127,2087,29977,29957,29971,6283,29979,29980,29980,29981,29981,29982,29982,29983,29983,29984,29984,29985,29985,29986,29987,29986,29987,29988,29988,29989,29989,29989,29989,29980,29990,0]} 1. d4 d5 2. c4 e6 3. Nc3 Nf6 4. cxd5 exd5 5. Bg5 c6 6. e3 Be7 7. Bd3 Nbd7 8. Nge2 h6 9. Bh4 Nh5 10. Bxe7 Qxe7 11. Qc2 Nb6 12. O-O-O {D36: Queen's Gambit Declined: Exchange Variation: Main line (5 Bg5 c6 6 Qc2)} (12. O-O O-O 13. Rae1 Be6 14. Nc1 Rad8 15. Nb3 Rfe8 16. Nc5 Bc8 17. b4 Nc4 18. Qe2 Qg5 19. f4 Qh4 20. Bxc4 dxc4 {0-1 (37) Navara,D (2724)-Adams,M (2740) Biel 2015}) 12... Bd7 13. Kb1 O-O-O 14. Na4 {The position is equal.} Nxa4 15. Qxa4 Kb8 16. Rc1 Qg5 17. Ng3 Nxg3 18. hxg3 Bf5 {[#]} (18... c5 $5 19. Qa5 c4 $11) 19. Qc2 $146 ({Predecessor:} 19. Bxf5 Qxf5+ 20. Qc2 Qf6 21. Rh5 {½-½ (21) Cvitan,O (2513)-Stojanovic,M (2559) Switzerland 2014}) 19... Bxd3 20. Qxd3 Qg6 21. Qxg6 fxg6 $11 {[%mdl 4096] Endgame KRR-KRR} 22. Kc2 Rhe8 23. Kd3 Re6 24. b4 g5 25. g4 Rde8 26. Rhe1 a6 27. f3 Kc7 28. e4 dxe4+ 29. fxe4 Rf6 30. Rf1 Ref8 31. Rxf6 Rxf6 $16 {KR-KR} 32. Ke3 Rf4 33. g3 Rf7 (33... Rf8 $1 $11 {remains equal.}) 34. a4 $1 {[%cal Ba2a4,Ba4b5,Bb5c6][%mdl 32]} Kd6 {[#]} 35. b5 $1 {[%mdl 512]} axb5 36. axb5 Rf8 $2 (36... Rc7 $16) 37. e5+ $1 $18 Kd7 38. Ra1 Ke6 $2 (38... Rf7 39. bxc6+ bxc6) 39. bxc6 $1 bxc6 40. Ra6 $1 Kd5 41. Ra7 $1 Rd8 {[#]} (41... Rf1 $142 42. Rd7+ (42. Rxg7 Re1+ 43. Kf2 Re4 $14) 42... Kc4) 42. Ra5+ $1 Ke6 {[#]} 43. Ke4 $1 Rd7 44. Rc5 {Played: Ra5-a6} 1-0

[Event "Vienna Chess Open 2019"]
[Site "Vienna"]
[Date "2019.08.24"]
[Round "9.10"]
[White "Halvax, Georg"]
[Black "Markoja, Boris"]
[Result "1/2-1/2"]
[WhiteElo "2403"]
[BlackElo "2440"]
[Annotator "TA"]
[PlyCount "31"]
[EventDate "2019.08.17"]
[EventType "swiss"]
[EventCountry "AUT"]
[SourceTitle "playchess.com"]
[Source "ChessBase"]
[SourceQuality "1"]

{[%evp 9,30,0,14,0,0,0,0,0,1,-4,0,0,0,0,0,0,27,26,26,31,18,14,29]} 1. d4 Nf6 2. c4 e6 3. Nf3 b6 4. g3 Ba6 5. Qc2 c5 6. d5 {E15: Queen's Indian: 4 g3 sidelines, 4 g3 Ba6 and 4 g3 Bb7 early deviations} exd5 7. cxd5 Bb7 $1 8. Bg2 Nxd5 9. O-O {aiming for Ng5.} Nc6 10. Rd1 Be7 11. Qa4 ({Much worse is} 11. Rxd5 Nb4 $17) 11... Nf6 12. Nh4 O-O 13. Nf5 d5 14. Nc3 {[%cal Rc3d5] [#]} Nd4 $1 {[%mdl 512]} 15. Nxd4 cxd4 {[#] Accuracy: White = 72%, Black = 96%.} {Predecessor:} 16. Qxd4 $146 1/2-1/2